| 000 | 00484nam a22001937a 4500 | ||
|---|---|---|---|
| 003 | LK-CoMWRAF | ||
| 005 | 20231114215053.0 | ||
| 008 | 231114b |||||||| |||| 00| 0 eng d | ||
| 020 | _a 0719519373 | ||
| 040 |
_aLK-CoMWRAF _dLK-CoMWRAF _eLK-CoMWRAF |
||
| 041 | _aeng | ||
| 082 |
_a821.9 _bBET |
||
| 100 | _aBetjeman, John | ||
| 245 | _aJohn Betjeman's collected poems | ||
| 260 |
_aLondon : _bJ. Murray, _c1970 |
||
| 300 | _axxi, 366 p. 20 cm. | ||
| 650 | _apoems | ||
| 942 | _cBK | ||
| 999 |
_c4079 _d4079 |
||